[Event "Palle Skov Memorial - WIM 2025"]
[Site "Hillerod"]
[Date "2025.02.11"]
[Round "5.2"]
[White "Verbin, Valentina"]
[Black "van den Brink, Nienke"]
[Result "1-0"]
[WhiteElo "2098"]
[BlackElo "1967"]
[WhiteFideId "13905910"]
[BlackFideId "1452568"]
[EventDate "2025.02.08"]
[EventType "tourn"]
[EventRounds "9"]
[EventCountry "DEN"]
[SourceTitle "Live v. Kasper Jerwiarz"]

1. e4 c5 2. Nf3 d6 3. d4 cxd4 4. Nxd4 Nf6 5. Nc3 a6 6. Bg5 e6 7. f4 Be7 8. Qf3 Qc7 9. O-O-O O-O 10. Bd3 Nc6 11. Nb3 Bd7 12. Rhe1 b5 13. Qg3 b4 14. e5 dxe5 15. fxe5 Nh5 16. Bxh7+ Kxh7 17. Qd3+ g6 18. Bxe7 Nxe7 19. Qxd7 Ra7 20. Qxc7 Rxc7 21. Ne4 Rfc8 22. Rd2 Nd5 23. Nd6 Rd8 24. Rf1 Kg7 25. Rdf2 f6 26. Nd4 Nhf4 27. Rxf4 Nxf4 28. Rxf4 fxe5 29. Nxe6+ Kg8 30. Rf1 Rxc2+ 31. Kxc2 Rxd6 32. Ng5 Rd4 33. Rf6 Kg7 34. Rxa6 Rg4 35. Ne6+ Kf7 36. g3 e4 37. Nf4 Rg5 38. Rxg6 1-0

[Event "Palle Skov Memorial - WIM 2025"]
[Site "Hillerod"]
[Date "2025.02.11"]
[Round "5.3"]
[White "Dalsberg, Sandra de Blecourt"]
[Black "Sharma Isha"]
[Result "0-1"]
[WhiteElo "2068"]
[BlackElo "2170"]
[WhiteFideId "1004948"]
[BlackFideId "35006665"]
[EventDate "2025.02.08"]
[EventType "tourn"]
[EventRounds "9"]
[EventCountry "DEN"]
[SourceTitle "Live v. Kasper Jerwiarz"]

1. d4 Nf6 2. c4 e6 3. Nc3 Bb4 4. Nf3 O-O 5. Bg5 d5 6. e3 h6 7. Bh4 g5 8. Bg3 Ne4 9. Rc1 c5 10. Bd3 Nc6 11. h4 cxd4 12. exd4 Nxg3 13. fxg3 e5 14. O-O Bxc3 15. bxc3 Bg4 16. cxd5 Qxd5 17. c4 Qd6 18. dxe5 Qc5+ 19. Kh2 Rad8 20. Qc2 Bxf3 21. gxf3 Nxe5 22. Be4 b5 23. cxb5 Qe3 24. Bh7+ Kg7 25. Qe4 Rd2+ 26. Kh3 Qxe4 27. Bxe4 f5 28. Rc7+ Kg8 29. Bxf5 Rxf5 30. Re1 g4+ 31. fxg4 Rff2 32. Rh1 Nf3 33. g5 h5 34. g4 Ne5 35. Rc8+ Kg7 36. Rc7+ Kf8 37. Kg3 Rf3# 0-1

[Event "Palle Skov Memorial - WIM 2025"]
[Site "Hillerod"]
[Date "2025.02.11"]
[Round "5.4"]
[White "Jakobsen, Shanne Hedegaard"]
[Black "Karacsonyi, Kata"]
[Result "0-1"]
[WhiteElo "2016"]
[BlackElo "2191"]
[WhiteFideId "1462296"]
[BlackFideId "769584"]
[EventDate "2025.02.08"]
[EventType "tourn"]
[EventRounds "9"]
[EventCountry "DEN"]
[SourceTitle "Live v. Kasper Jerwiarz"]

1. d4 Nf6 2. Nf3 e6 3. Bf4 d5 4. e3 Bd6 5. Bxd6 Qxd6 6. c4 b6 7. Nbd2 Nbd7 8. Be2 O-O 9. Rc1 Bb7 10. O-O c5 11. cxd5 exd5 12. b3 Rac8 13. Rc2 Rfe8 14. Qb1 Ne4 15. dxc5 bxc5 16. Nxe4 dxe4 17. Rd1 Qe7 18. Nd2 Ne5 19. Nc4 Nd3 20. Rcd2 Rcd8 21. Nb2 Qg5 22. g3 Ne5 23. Nc4 Nf3+ 24. Bxf3 exf3 25. h4 Qe7 26. Nd6 Qe6 27. Kh2 Bc8 28. Nxc8 Rxd2 29. Ne7+ Qxe7 30. Rxd2 g6 31. Qd1 Qe4 32. Rc2 Qf5 33. Rd2 h5 34. Rd5 Qf6 35. Rxc5 Kg7 36. Rc4 Rd8 37. Rd4 Rxd4 38. Qxd4 Qxd4 39. exd4 Kf6 40. b4 Ke6 41. a4 Kd5 42. b5 Kxd4 43. a5 Kc5 44. b6 axb6 45. a6 Kc6 46. g4 b5 47. gxh5 gxh5 48. Kg3 b4 49. Kxf3 b3 0-1

[Event "Palle Skov Memorial - WIM 2025"]
[Site "Hillerod"]
[Date "2025.02.11"]
[Round "5.5"]
[White "Guindy, Esmat Susanne"]
[Black "Doluhanova, Evgeniya"]
[Result "0-1"]
[WhiteElo "2057"]
[BlackElo "2272"]
[WhiteFideId "1401637"]
[BlackFideId "14112035"]
[EventDate "2025.02.08"]
[EventType "tourn"]
[EventRounds "9"]
[EventCountry "DEN"]
[SourceTitle "Live v. Kasper Jerwiarz"]

1. d4 Nf6 2. c4 e6 3. g3 Bb4+ 4. Nd2 d5 5. Bg2 O-O 6. Qc2 Nc6 7. Nf3 dxc4 8. Qxc4 Qd5 9. O-O Rd8 10. Qxd5 exd5 11. a3 Bf8 12. b4 Re8 13. Re1 Bd7 14. Nb3 a5 15. b5 Nd8 16. a4 Bf5 17. Ba3 Bc2 18. Nfd2 Bxa3 19. Rxa3 c6 20. bxc6 Nxc6 21. e3 Nb4 22. Bf1 Rec8 23. Nc5 b6 24. Nd3 Rc7 25. Ne5 Rac8 26. Rc1 Bf5 27. Rxc7 Rxc7 28. h3 Rc2 29. Nef3 Rc1 30. Kh2 Ne4 31. g4 Be6 32. Kg2 Nd6 33. Ne5 Nc4 34. Ndxc4 dxc4 35. e4 f6 36. d5 fxe5 37. dxe6 Kf8 38. Rf3+ Ke7 39. Rf7+ Kxe6 40. Rb7 c3 41. Rxb6+ Ke7 42. Bc4 c2 43. Bb3 Rg1+ 0-1

[Event "Palle Skov Memorial - WIM 2025"]
[Site "Hillerod"]
[Date "2025.02.12"]
[Round "6.1"]
[White "Badenhorst, Chloe"]
[Black "Jakobsen, Shanne Hedegaard"]
[Result "1/2-1/2"]
[WhiteElo "2004"]
[BlackElo "2016"]
[WhiteFideId "14339463"]
[BlackFideId "1462296"]
[EventDate "2025.02.08"]
[EventType "tourn"]
[EventRounds "9"]
[EventCountry "DEN"]
[SourceTitle "Live v. Kasper Jerwiarz"]

1. e4 c5 2. Nf3 g6 3. d4 cxd4 4. Nxd4 Bg7 5. Nc3 Nc6 6. Be3 Nf6 7. Bc4 O-O 8. Bb3 a5 9. O-O Ng4 10. Qxg4 Nxd4 11. Qd1 Nxb3 12. axb3 d6 13. Bd4 Bxd4 14. Qxd4 Be6 15. f4 f6 16. f5 Bf7 17. Rad1 Kg7 18. Rf3 Rc8 19. Qe3 Qc7 20. Kh1 Qc5 21. Qe1 g5 22. Rd2 Qe5 23. Qg3 Rc5 24. Rff2 b5 25. Qxe5 Rxe5 26. Rfe2 Ra8 27. Rd4 b4 28. Nd5 Bxd5 29. Rxd5 a4 30. bxa4 Rxa4 31. Kg1 Kf7 32. Rxe5 fxe5 33. Kf2 h5 34. Re3 Ra5 35. Ke2 Rc5 36. Kd3 Kf6 37. Rh3 h4 38. g3 d5 39. exd5 Rxd5+ 40. Ke2 Kxf5 41. gxh4 Kg4 42. Rb3 Rd4 43. hxg5 Kxg5 44. Re3 Kf5 45. Rf3+ Ke6 46. Rh3 Rc4 47. Kd3 Rd4+ 48. Ke2 Rc4 49. Kd3 Rd4+ 50. Ke2 1/2-1/2

[Event "Palle Skov Memorial - WIM 2025"]
[Site "Hillerod"]
[Date "2025.02.12"]
[Round "6.2"]
[White "van den Brink, Nienke"]
[Black "Rakhmangulova, Anastasiya"]
[Result "0-1"]
[WhiteElo "1967"]
[BlackElo "2324"]
[WhiteFideId "1452568"]
[BlackFideId "14117479"]
[EventDate "2025.02.08"]
[EventType "tourn"]
[EventRounds "9"]
[EventCountry "DEN"]
[SourceTitle "Live v. Kasper Jerwiarz"]

1. e4 c5 2. Nf3 Nc6 3. d4 cxd4 4. Nxd4 Qb6 5. Nb5 a6 6. Be3 Qa5+ 7. Bd2 Qd8 8. N5c3 e6 9. a4 Bc5 10. Bd3 Qh4 11. Qf3 Nf6 12. Bf4 h5 13. e5 Ng4 14. Bg3 Qg5 15. Ne4 Qc1+ 16. Qd1 Qxd1+ 17. Kxd1 h4 18. f3 hxg3 19. fxg4 Rxh2 20. Rf1 Be7 21. Nd6+ Bxd6 22. exd6 Rxg2 23. Ra3 Rf2 24. Ke1 Ne5 25. Be2 Rxf1+ 26. Kxf1 b6 27. Rxg3 Bb7 28. Rb3 Rb8 29. Nc3 f6 30. a5 b5 31. Nxb5 axb5 32. Rxb5 Nc6 33. Rh5 Kf7 34. c3 Ne5 35. a6 Bxa6 36. Bxa6 Rxb2 37. g5 Kg6 38. Rh8 Kxg5 39. Rg8 g6 40. Rg7 Rd2 0-1

[Event "Palle Skov Memorial - WIM 2025"]
[Site "Hillerod"]
[Date "2025.02.12"]
[Round "6.3"]
[White "Dalsberg, Sandra de Blecourt"]
[Black "Verbin, Valentina"]
[Result "0-1"]
[WhiteElo "2068"]
[BlackElo "2098"]
[WhiteFideId "1004948"]
[BlackFideId "13905910"]
[EventDate "2025.02.08"]
[EventType "tourn"]
[EventRounds "9"]
[EventCountry "DEN"]
[SourceTitle "Live v. Kasper Jerwiarz"]

1. d4 Nf6 2. c4 g6 3. Nc3 Bg7 4. e4 d6 5. Bd3 O-O 6. Nge2 Nc6 7. O-O Nd7 8. Bc2 e5 9. d5 Nd4 10. Nxd4 exd4 11. Nb5 Ne5 12. Nxd4 Nxc4 13. Rb1 Re8 14. b3 Ne5 15. f3 c6 16. dxc6 bxc6 17. Be3 a5 18. Qd2 Qc7 19. Rfd1 Ba6 20. Ne2 Rad8 21. Nf4 h5 22. Qf2 Rb8 23. Nd3 Nd7 24. Bd4 Bxd4 25. Qxd4 Nf8 26. Nf2 Rbd8 27. f4 d5 28. e5 c5 29. Qe3 Ne6 30. Qg3 Bb7 31. Rbc1 Nd4 32. Bd3 Qe7 33. f5 Qxe5 34. Qxe5 Rxe5 35. fxg6 Ne6 36. gxf7+ Kxf7 37. Rf1 Ke7 38. Nh3 Rg8 39. Nf4 Nxf4 40. Rxf4 d4 41. g3 Rg4 42. Kf2 Re3 43. Be2 Rxf4+ 44. gxf4 Kd6 45. Rg1 Be4 46. Rg3 Rc3 47. Rxc3 dxc3 48. Ke3 c2 49. Kd2 h4 50. Bg4 Kd5 51. Bc8 Kd4 52. Be6 Bh7 53. f5 Ke5 54. Kxc2 Bxf5+ 55. Bxf5 Kxf5 56. Kd3 Kg4 57. Ke3 Kh3 58. Kf2 Kxh2 59. a4 h3 60. Kf1 Kg3 61. Kg1 Kf3 62. Kh2 Ke3 63. Kxh3 Kd3 0-1

[Event "Palle Skov Memorial - WIM 2025"]
[Site "Hillerod"]
[Date "2025.02.12"]
[Round "6.4"]
[White "Karacsonyi, Kata"]
[Black "Guindy, Esmat Susanne"]
[Result "1-0"]
[WhiteElo "2191"]
[BlackElo "2057"]
[WhiteFideId "769584"]
[BlackFideId "1401637"]
[EventDate "2025.02.08"]
[EventType "tourn"]
[EventRounds "9"]
[EventCountry "DEN"]
[SourceTitle "Live v. Kasper Jerwiarz"]

1. e4 e6 2. d4 d5 3. Nd2 Nf6 4. e5 Nfd7 5. f4 c5 6. c3 Nc6 7. Ndf3 Qb6 8. a3 a5 9. b3 cxd4 10. cxd4 Be7 11. h4 f6 12. Bd3 f5 13. Ne2 O-O 14. Bb2 Ncb8 15. Nc3 Na6 16. Na4 Qd8 17. Ng5 Bxg5 18. hxg5 g6 19. g4 Nc7 20. Rc1 b5 21. Nc5 Nxc5 22. Rxc5 b4 23. axb4 axb4 24. Qc2 Rf7 25. Rc6 Ba6 26. gxf5 Bxd3 27. Qxd3 Rxf5 28. Qc2 Rf7 29. Ke2 Qb8 30. Ke3 Ra2 31. Rc1 Qa7 32. Rd6 Qa8 33. Rc6 Qa7 34. Qh2 Ra6 35. R6c5 Ra5 36. Rc6 Ra6 37. R6c2 Qb7 38. Qe2 Ra8 39. Rc6 Ra2 40. R6c5 Qa7 41. R1c2 Re7 42. Qf1 Ra5 43. Rc6 Qb7 44. Qc1 Ra7 45. R2c5 Qb8 46. Rd6 Rb7 47. Qc2 Qa8 48. Rdc6 Qa2 49. Bc1 Qxc2 50. Rxc2 Nb5 51. Rc8+ Kg7 52. Bd2 Na3 53. R2c6 Nb1 54. Be1 Na3 55. Kd3 Kf7 56. Rh8 Kg7 57. Rcc8 Rec7 58. Rcf8 1-0

[Event "Palle Skov Memorial - WIM 2025"]
[Site "Hillerod"]
[Date "2025.02.12"]
[Round "6.5"]
[White "Sharma Isha"]
[Black "Doluhanova, Evgeniya"]
[Result "1-0"]
[WhiteElo "2170"]
[BlackElo "2272"]
[WhiteFideId "35006665"]
[BlackFideId "14112035"]
[EventDate "2025.02.08"]
[EventType "tourn"]
[EventRounds "9"]
[EventCountry "DEN"]
[SourceTitle "Live v. Kasper Jerwiarz"]

1. e4 e5 2. Nf3 Nc6 3. Bb5 Nf6 4. d3 Bc5 5. O-O d6 6. c3 O-O 7. h3 h6 8. Re1 Bb6 9. Nbd2 Ne7 10. Nc4 c6 11. Nxb6 axb6 12. Bc4 b5 13. Bb3 Ng6 14. d4 Qe7 15. Nh2 Be6 16. d5 Bd7 17. Nf1 c5 18. Ng3 Nh7 19. Bc2 Ng5 20. Nf5 Qf6 21. Qg4 Rfd8 22. Kh1 Ne7 23. Nxe7+ Qxe7 24. Qg3 f6 25. f4 exf4 26. Bxf4 Nf7 27. a3 g5 28. Rf1 Kh8 29. Bd2 Ne5 30. Rae1 Rf8 31. Bd1 b6 32. Be2 Qh7 33. Bd1 Be8 34. Bg4 Bg6 35. Bf5 Rae8 36. Bc1 c4 37. Be3 Nd3 38. Rb1 Bxf5 39. exf5 Qc7 40. Bd4 Ne5 41. b3 Ra8 42. bxc4 Qxc4 43. Bxe5 dxe5 44. Qf3 Rxa3 45. Qh5 Ra7 46. Rfd1 Qe4 47. Rxb5 Qxf5 48. Rxb6 e4 49. c4 Qf2 50. Re6 e3 51. Qxh6+ Kg8 52. Qg6+ Rg7 53. Qe4 g4 54. Qxe3 Qa2 55. Qe2 Qa7 56. Re3 f5 57. d6 gxh3 58. Rxh3 f4 59. Qe6+ Qf7 60. Qxf7+ Kxf7 61. c5 Ke6 62. c6 Rd8 63. d7 1-0

[Event "Palle Skov Memorial - WIM 2025"]
[Site "Hillerod"]
[Date "2025.02.13"]
[Round "7.1"]
[White "Guindy, Esmat Susanne"]
[Black "Badenhorst, Chloe"]
[Result "1/2-1/2"]
[WhiteElo "2057"]
[BlackElo "2004"]
[WhiteFideId "1401637"]
[BlackFideId "14339463"]
[EventDate "2025.02.08"]
[EventType "tourn"]
[EventRounds "9"]
[EventCountry "DEN"]
[SourceTitle "Live v. Kasper Jerwiarz"]

1. d4 d5 2. Nf3 Bf5 3. c4 e6 4. g3 c6 5. Nc3 h6 6. Qb3 Qb6 7. c5 Qxb3 8. axb3 Nd7 9. b4 a6 10. b5 cxb5 11. Nxb5 Rc8 12. Nc3 Ngf6 13. Nd2 Bc2 14. e3 Be7 15. Be2 O-O 16. b4 Rfe8 17. Ra2 Bg6 18. f4 Bf8 19. O-O Nb8 20. Na4 Nc6 21. Nb6 Rc7 22. b5 axb5 23. Bxb5 Nd7 24. Nxd7 Rxd7 25. Nb3 Rc7 26. Bd2 Rb8 27. Na5 Rcc8 28. Rfa1 Nd8 29. Nb3 b6 30. Ba6 Rc6 31. Bb5 Rcc8 32. Ba6 Rc6 33. Bb5 Rcc8 34. Ba6 Rc6 35. Bb5 Rcc8 1/2-1/2

[Event "Palle Skov Memorial - WIM 2025"]
[Site "Hillerod"]
[Date "2025.02.13"]
[Round "7.2"]
[White "Jakobsen, Shanne Hedegaard"]
[Black "van den Brink, Nienke"]
[Result "1-0"]
[WhiteElo "2016"]
[BlackElo "1967"]
[WhiteFideId "1462296"]
[BlackFideId "1452568"]
[EventDate "2025.02.08"]
[EventType "tourn"]
[EventRounds "9"]
[EventCountry "DEN"]
[SourceTitle "Live v. Kasper Jerwiarz"]

1. d4 f5 2. Bg5 h6 3. Bh4 g5 4. Bg3 Nf6 5. e3 e6 6. h4 Rg8 7. hxg5 hxg5 8. c4 d6 9. Nc3 Qe7 10. Qb3 a6 11. Nf3 b6 12. O-O-O Nbd7 13. Qc2 Bb7 14. d5 Nc5 15. Nd4 f4 16. exf4 gxf4 17. Bh4 e5 18. Qf5 Bg7 19. Ne6 Nxe6 20. dxe6 c6 21. Ne4 Rf8 22. Nxd6+ Kd8 23. Qxe5 Bc8 24. Nf5+ Nd7 25. Bxe7+ 1-0

[Event "Palle Skov Memorial - WIM 2025"]
[Site "Hillerod"]
[Date "2025.02.13"]
[Round "7.3"]
[White "Rakhmangulova, Anastasiya"]
[Black "Dalsberg, Sandra de Blecourt"]
[Result "1-0"]
[WhiteElo "2324"]
[BlackElo "2068"]
[WhiteFideId "14117479"]
[BlackFideId "1004948"]
[EventDate "2025.02.08"]
[EventType "tourn"]
[EventRounds "9"]
[EventCountry "DEN"]
[SourceTitle "Live v. Kasper Jerwiarz"]

1. Nf3 c5 2. b3 d6 3. Bb2 e5 4. e4 Nf6 5. d3 Be7 6. g3 Nc6 7. Bg2 h6 8. Nbd2 Be6 9. c3 d5 10. O-O d4 11. c4 Qd7 12. b4 cxb4 13. Ne1 g5 14. Nc2 Bh3 15. a3 bxa3 16. Bxa3 h5 17. Nf3 Bg4 18. Bxe7 Kxe7 19. Qd2 Bxf3 20. Bxf3 h4 21. Qxg5 hxg3 22. fxg3 Qh3 23. Bh5 Qxh5 24. Qxf6+ Kf8 25. Qd6+ Kg7 26. Rf2 Rh6 27. Qc7 Rah8 28. Qxb7 Nd8 29. Qe7 Re6 30. Qxa7 Rf6 31. Raf1 Rxf2 32. Rxf2 Qd1+ 33. Kg2 Qxd3 34. Qe7 Qxe4+ 35. Kg1 d3 36. Qg5+ Kf8 37. Qxd8+ Kg7 38. Qf6+ 1-0

[Event "Palle Skov Memorial - WIM 2025"]
[Site "Hillerod"]
[Date "2025.02.13"]
[Round "7.4"]
[White "Verbin, Valentina"]
[Black "Sharma Isha"]
[Result "0-1"]
[WhiteElo "2098"]
[BlackElo "2170"]
[WhiteFideId "13905910"]
[BlackFideId "35006665"]
[EventDate "2025.02.08"]
[EventType "tourn"]
[EventRounds "9"]
[EventCountry "DEN"]
[SourceTitle "Live v. Kasper Jerwiarz"]

1. d4 Nf6 2. c4 e6 3. Nf3 d5 4. Nc3 Bb4 5. Bg5 h6 6. Bxf6 Qxf6 7. e3 O-O 8. Rc1 c6 9. Qb3 Bd6 10. Bd3 Nd7 11. O-O Bb8 12. Rfe1 dxc4 13. Qxc4 e5 14. Bb1 exd4 15. Qd3 g6 16. Ne4 Qg7 17. Nxd4 Nf6 18. Ng3 Nd5 19. Qb3 a5 20. Be4 Nf6 21. Bf3 h5 22. Nf1 Ng4 23. h3 Ne5 24. Be2 a4 25. Qb4 Nd7 26. Qe7 Qe5 27. Qxe5 Bxe5 28. Red1 c5 29. Nb5 Bxb2 30. Rc2 Be5 31. f4 Bb8 32. Bf3 Ra5 33. Nc3 Nf6 34. Rb1 Bf5 35. e4 Bd7 36. g3 b5 37. Ne3 b4 38. e5 Ne8 39. Ncd5 Kg7 40. Nb6 Bxh3 41. g4 hxg4 42. Bc6 g3 43. Nxa4 Nc7 44. Nb6 Ra6 45. Bd7 Ne6 46. Nbd5 Nxf4 47. Bxh3 Nxh3+ 48. Kg2 Ng5 49. Rxc5 Rxa2+ 50. Rc2 Rxc2+ 51. Nxc2 Bxe5 52. Rxb4 Rh8 53. Ne1 Rh2+ 54. Kf1 Rf2+ 55. Kg1 Nh3+ 0-1

[Event "Palle Skov Memorial - WIM 2025"]
[Site "Hillerod"]
[Date "2025.02.13"]
[Round "7.5"]
[White "Doluhanova, Evgeniya"]
[Black "Karacsonyi, Kata"]
[Result "1/2-1/2"]
[WhiteElo "2272"]
[BlackElo "2191"]
[WhiteFideId "14112035"]
[BlackFideId "769584"]
[EventDate "2025.02.08"]
[EventType "tourn"]
[EventRounds "9"]
[EventCountry "DEN"]
[SourceTitle "Live v. Kasper Jerwiarz"]

1. Nf3 Nf6 2. e3 e6 3. c4 d5 4. b3 c5 5. cxd5 exd5 6. d4 Nc6 7. Be2 Ne4 8. O-O Bd6 9. dxc5 Bxc5 10. Ba3 Bxa3 11. Nxa3 Nc3 12. Qd2 Nxe2+ 13. Qxe2 Bg4 14. h3 Bh5 15. Rfd1 O-O 16. Nb5 Qf6 17. Nbd4 Rfe8 18. Nxc6 bxc6 19. Rac1 Re4 20. g4 Bg6 21. Rd4 Rae8 22. Rxe4 Rxe4 23. Qa6 h5 24. Qc8+ Kh7 25. Kg2 Rxg4+ 26. hxg4 Be4 27. Kf1 Qxf3 28. Ke1 hxg4 29. Qc7 Bd3 30. Kd2 Bb5 31. Qh2+ Kg6 32. Qf4 Qe2+ 33. Kc3 a5 34. Rc2 Qd1 35. Kb2 f6 36. Rc1 Qd2+ 37. Rc2 Qd1 38. Rc1 Qd2+ 39. Rc2 Qd1 1/2-1/2

[Event "Palle Skov Memorial - WIM 2025"]
[Site "Hillerod"]
[Date "2025.02.14"]
[Round "8.1"]
[White "Badenhorst, Chloe"]
[Black "Doluhanova, Evgeniya"]
[Result "1/2-1/2"]
[WhiteElo "2004"]
[BlackElo "2272"]
[WhiteFideId "14339463"]
[BlackFideId "14112035"]
[EventDate "2025.02.08"]
[EventType "tourn"]
[EventRounds "9"]
[EventCountry "DEN"]
[SourceTitle "Live v. Kasper Jerwiarz"]

1. d4 Nf6 2. Nf3 e6 3. Bf4 b6 4. e3 Bb7 5. Nbd2 d6 6. h3 Nbd7 7. Bd3 Qe7 8. e4 e5 9. dxe5 Nxe5 10. Nxe5 dxe5 11. Bh2 g6 12. O-O Bg7 13. Qe2 O-O 14. c3 Rad8 15. Rad1 Nh5 16. Bc4 Nf4 17. Qf3 Qc5 18. b4 Qe7 19. Rfe1 Qg5 20. Bxf4 exf4 21. Nb1 a5 22. bxa5 bxa5 23. Bd5 c6 24. Bb3 Qe5 25. Qe2 Qc5 26. Rxd8 Rxd8 27. Rd1 Rxd1+ 28. Qxd1 Qe7 29. Qd3 Be5 30. Nd2 Bc8 31. Nf3 Bc7 32. Qc4 Bd7 33. e5 c5 34. Qxf4 Kg7 35. Ng5 Be8 36. Qh4 Qxe5 37. Qxh7+ Kf6 38. Nf3 Qf4 39. Qh8+ Ke7 40. Qh4+ Qxh4 41. Nxh4 Be5 42. c4 Bc6 43. g3 Bf6 44. Ng2 a4 45. Bc2 Bxg2 46. Kxg2 a3 47. f4 Bd4 48. g4 Kf6 49. h4 Bc3 50. Kf2 Kg7 51. Be4 f6 52. h5 gxh5 53. gxh5 Kh6 54. Bg6 Bd2 55. Kf3 f5 56. Bxf5 Kxh5 57. Ke4 Kh6 58. Bd7 1/2-1/2

[Event "Palle Skov Memorial - WIM 2025"]
[Site "Hillerod"]
[Date "2025.02.14"]
[Round "8.2"]
[White "van den Brink, Nienke"]
[Black "Guindy, Esmat Susanne"]
[Result "0-1"]
[WhiteElo "1967"]
[BlackElo "2057"]
[WhiteFideId "1452568"]
[BlackFideId "1401637"]
[EventDate "2025.02.08"]
[EventType "tourn"]
[EventRounds "9"]
[EventCountry "DEN"]
[SourceTitle "Live v. Kasper Jerwiarz"]

1. e4 e6 2. d4 d5 3. Nc3 Nf6 4. e5 Nfd7 5. f4 c5 6. Nf3 Nc6 7. Be3 a6 8. Qd2 b5 9. dxc5 Bxc5 10. Bd3 Qb6 11. Bf2 Bxf2+ 12. Qxf2 Qxf2+ 13. Kxf2 Nb6 14. Rhe1 Ke7 15. Ne2 b4 16. Ned4 Bd7 17. a3 Nxd4 18. Nxd4 a5 19. g3 Rhc8 20. b3 h6 21. Kg2 g6 22. a4 Rc5 23. Rad1 Bc8 24. Rd2 Ba6 25. Bxa6 Rxa6 26. Kf2 Ra8 27. Re3 Rac8 28. Ke2 Nd7 29. Kd1 Nb8 30. Ree2 Nc6 31. Nb5 Rb8 32. Kc1 Nd8 33. Kb2 Rb6 34. Nd4 Nb7 35. Rf2 Rc8 36. Rfe2 Nc5 37. Re3 Ne4 38. Rg2 Nc3 39. Rd3 Rb7 40. Rgd2 Rbc7 41. Rg2 h5 42. Kc1 Rh8 43. Nf3 Ne4 44. Kb2 Rhc8 45. Nd4 f6 46. Nf3 Rc3 47. exf6+ Kxf6 48. h4 Rxd3 49. cxd3 Rc3 50. dxe4 Rxf3 51. exd5 exd5 52. g4 Rxf4 53. gxh5 gxh5 54. Rg5 Rf5 55. Rg8 d4 56. Rd8 Ke5 57. Re8+ Kd5 58. Rg8 Rf2+ 59. Kc1 Ke4 60. Rg5 Rf5 61. Rg8 d3 62. Rc8 Ke3 63. Re8+ Kd4 64. Kd2 Rf2+ 65. Ke1 Re2+ 66. Rxe2 dxe2 67. Kxe2 Kc3 0-1

[Event "Palle Skov Memorial - WIM 2025"]
[Site "Hillerod"]
[Date "2025.02.14"]
[Round "8.3"]
[White "Dalsberg, Sandra de Blecourt"]
[Black "Jakobsen, Shanne Hedegaard"]
[Result "1/2-1/2"]
[WhiteElo "2068"]
[BlackElo "2016"]
[WhiteFideId "1004948"]
[BlackFideId "1462296"]
[EventDate "2025.02.08"]
[EventType "tourn"]
[EventRounds "9"]
[EventCountry "DEN"]
[SourceTitle "Live v. Kasper Jerwiarz"]

1. d4 Nf6 2. c4 e6 3. Nc3 Bb4 4. Nf3 b6 5. e3 Ne4 6. Qc2 Bb7 7. Bd3 f5 8. a3 Bxc3+ 9. bxc3 O-O 10. O-O d6 11. Ne1 Nd7 12. f3 Ng5 13. h4 Nf7 14. Qf2 Nf6 15. a4 a5 16. c5 dxc5 17. Ba3 Re8 18. dxc5 Ba6 19. Bxa6 Rxa6 20. Qe2 Ra8 21. Nc2 Nh5 22. Qc4 Qd2 23. Rf2 Qd8 24. Qd4 Qb8 25. cxb6 e5 26. Qd3 f4 27. Rb1 Ng3 28. exf4 exf4 29. Nd4 Qd8 30. bxc7 Qxh4 31. Rfb2 Ne5 32. Qc2 Qh1+ 33. Kf2 Qh4 34. Kg1 Qh1+ 35. Kf2 Qh4 1/2-1/2

[Event "Palle Skov Memorial - WIM 2025"]
[Site "Hillerod"]
[Date "2025.02.14"]
[Round "8.4"]
[White "Verbin, Valentina"]
[Black "Rakhmangulova, Anastasiya"]
[Result "1/2-1/2"]
[WhiteElo "2098"]
[BlackElo "2324"]
[WhiteFideId "13905910"]
[BlackFideId "14117479"]
[EventDate "2025.02.08"]
[EventType "tourn"]
[EventRounds "9"]
[EventCountry "DEN"]
[SourceTitle "Live v. Kasper Jerwiarz"]

1. d4 Nf6 2. c4 e6 3. Nf3 d5 4. g3 Bb4+ 5. Bd2 Be7 6. Bg2 O-O 7. O-O Nbd7 8. Qc2 c6 9. Rd1 b6 10. Bf4 Bb7 11. Ne5 Nh5 12. Bd2 Nhf6 13. Bf4 Nh5 14. Bd2 Nhf6 15. Bf4 Nh5 16. Bd2 Nhf6 1/2-1/2

[Event "Palle Skov Memorial - WIM 2025"]
[Site "Hillerod"]
[Date "2025.02.14"]
[Round "8.5"]
[White "Sharma Isha"]
[Black "Karacsonyi, Kata"]
[Result "0-1"]
[WhiteElo "2170"]
[BlackElo "2191"]
[WhiteFideId "35006665"]
[BlackFideId "769584"]
[EventDate "2025.02.08"]
[EventType "tourn"]
[EventRounds "9"]
[EventCountry "DEN"]
[SourceTitle "Live v. Kasper Jerwiarz"]

1. e4 c5 2. Nf3 Nc6 3. d4 cxd4 4. Nxd4 Nf6 5. Nc3 e5 6. Ndb5 d6 7. Nd5 Nxd5 8. exd5 Nb8 9. a4 Be7 10. Be2 O-O 11. a5 a6 12. Nc3 f5 13. Bd2 Nd7 14. Na4 f4 15. Bg4 Nf6 16. Bxc8 Rxc8 17. Nb6 Rc7 18. Rc1 Qe8 19. O-O Ne4 20. f3 Ng5 21. c4 Rf6 22. g4 h5 23. h4 Nxf3+ 24. Qxf3 hxg4 25. Qe4 Qh5 26. Be1 g3 27. Rc2 Qxh4 28. b4 Qh5 29. Rd2 f3 30. Bxg3 Qg5 31. Rh2 Qxg3+ 32. Kh1 Rh6 33. Qc2 Bg5 34. Rxh6 Bxh6 35. Qh2 Qxh2+ 36. Kxh2 e4 37. Kg3 Bd2 38. Rb1 Be3 39. c5 g5 40. Re1 f2 41. Rd1 Rf7 42. Kg2 Kf8 43. Nc4 Bf4 44. Kxf2 dxc5 45. bxc5 Bd6+ 46. Ke3 Bxc5+ 47. Kxe4 Rf4+ 48. Ke5 Rxc4 49. d6 Ke8 50. Rb1 Rb4 51. Rc1 Kd7 0-1

[Event "Palle Skov Memorial - WIM 2025"]
[Site "Hillerod"]
[Date "2025.02.15"]
[Round "9.1"]
[White "Karacsonyi, Kata"]
[Black "Badenhorst, Chloe"]
[Result "1-0"]
[WhiteElo "2191"]
[BlackElo "2004"]
[WhiteFideId "769584"]
[BlackFideId "14339463"]
[EventDate "2025.02.08"]
[EventType "tourn"]
[EventRounds "9"]
[EventCountry "DEN"]
[SourceTitle "Live v. Kasper Jerwiarz"]

1. e4 c6 2. Nf3 d5 3. Nc3 Bg4 4. Be2 e6 5. O-O Nf6 6. e5 Nfd7 7. d4 Be7 8. Bf4 c5 9. Nb5 Nc6 10. c4 Nb6 11. dxc5 Bxc5 12. Bg5 Qd7 13. cxd5 Nxd5 14. Rc1 Be7 15. Bxe7 Qxe7 16. Nd6+ Kf8 17. Qa4 Bxf3 18. Bxf3 Nxe5 19. Bxd5 exd5 20. Nc8 Qd7 21. Qa3+ Ke8 22. Nb6 Qf5 23. Nxa8 1-0